Culture Générale - Série 1571 - Statistiques

Statistiques générales
  • Ce quiz a été pris 95 fois
  • Le résultat moyen est 4 sur 10
Statistiques - réponses
Question Réponse % Correct
Quel chanteur surnommé "The King" a enregistré les tubes "Love Me Tender" en 1956 et "Loving You" en 1957 ? Elvis Presley
99%
De quel pays le waterzoï est-il une spécialité ? Belgique
63%
De quel saint, apôtre et évangéliste, l'aigle est-il le symbole ? Jean
62%
Si l'on en croit les paroles de "A la claire fontaine", quel oiseau a "le coeur gai" ? rossignol
56%
Quelle île est séparée du Mexique par le détroit du Yucatan ? Cuba
53%
En informatique, quel mot composé anglais désigne une fenêtre secondaire, qui s'ouvre sans avoir été sollicitée ? pop-up
42%
Quel duo, formé d'Antonio Romeo Monge et Rafael Ruiz a fait un tube, l'été 1996, avec le titre : "Macarena" ? Los Del Rio
20%
Dans l'album "L'Affaire Francis Blake", quel éternel méchant Philip Mortimer et Francis Blake affrontent-ils ? le colonel Olrik
14%
Sous quel nom connait-on mieux l'hélianthe tubéreux, parfois surnommé : "artichaut d'hiver" ? topinambour
13%
Quel est le titre de l'album de Christophe Willem, sorti en 2009 ? Caféine
2%
Aucun quiz correspondant
Distribution des résultats
% des personnes avec chaque résultat
Percentile par nombre de réponses
Votre historique - résultats
Vous n’avez pas pris ce quiz